000 00449nam a2200157Ia 4500
008 230312s9999||||xx |||||||||||||| ||und||
020 _a0-8306-6582-x
082 _a629.1324
_bLAN-P
100 _aLankford Terry T.
245 0 _aPilot's Guide to Weather Reports, Forecasts & Flight Planning
260 _bTab Books
_aNew York
_c1990
300 _a383
546 _aEng.
650 _aAviation
_vIntroduction , Pilot Reports , Forecasts
942 _cBK
999 _c1214
_d1214